000
00343cam a2200145ua 4500
041
_a
hin
_h
082
_a
891.54
_b
GAN/ME
100
_a
Gandhiji, .
245
_a
Merasamjvad /
_c
Gandhiji.
_h
Textual Documents
260
_a
:
_b
Navajivan publishing house ,
_c
1951.
300
_a
60 ; .
504
_a
942
_c
BK
999
_c
11938
_d
11938